<?xml version="1.0" encoding="UTF-8"?>
<record
    xmlns:xsi="http://www.w3.org/2001/XMLSchema-instance"
    xsi:schemaLocation="http://www.loc.gov/MARC21/slim http://www.loc.gov/standards/marcxml/schema/MARC21slim.xsd"
    xmlns="http://www.loc.gov/MARC21/slim">

  <leader>01442nam a2200205 a 4500</leader>
  <controlfield tag="008">011117t2015    ag  |||g |||| 000 0 spa d</controlfield>
  <datafield tag="020" ind1=" " ind2=" ">
    <subfield code="a">9789876410304</subfield>
  </datafield>
  <datafield tag="041" ind1=" " ind2=" ">
    <subfield code="a">spa</subfield>
  </datafield>
  <datafield tag="092" ind1=" " ind2=" ">
    <subfield code="c">808</subfield>
    <subfield code="l">26</subfield>
    <subfield code="s">FRE</subfield>
  </datafield>
  <datafield tag="100" ind1="1" ind2=" ">
    <subfield code="a">Freidemberg, Daniel</subfield>
    <subfield code="9">3330</subfield>
  </datafield>
  <datafield tag="245" ind1=" " ind2=" ">
    <subfield code="a">Antolog&#xED;a po&#xE9;tica.</subfield>
    <subfield code="p">Poetas Argentinos Contempor&#xE1;neos /</subfield>
    <subfield code="c">Daniel Freidemberg</subfield>
  </datafield>
  <datafield tag="250" ind1=" " ind2=" ">
    <subfield code="a">1a ed.</subfield>
  </datafield>
  <datafield tag="260" ind1=" " ind2=" ">
    <subfield code="a">Buenos Aires:</subfield>
    <subfield code="b">Fondo Nacional de las Artes;</subfield>
    <subfield code="c">2015.</subfield>
  </datafield>
  <datafield tag="300" ind1=" " ind2=" ">
    <subfield code="a">174 p.</subfield>
  </datafield>
  <datafield tag="500" ind1=" " ind2=" ">
    <subfield code="a">Freidemberg, D. (2015). Antolog&#xED;a po&#xE9;tica. Poetas Argentinos Contempor&#xE1;neos. (1a ed.). Buenos Aires : Fondo Nacional de las Artes.</subfield>
  </datafield>
  <datafield tag="505" ind1=" " ind2=" ">
    <subfield code="a">Est&#xE1; all&#xED; y se nos escapa, y uno de los principales impulsos que mueve a esta escritura es el trabajo de dar cuenta de los intentos por acercarse a algo que nunca se va a alcanzar. El propio Freidemberg, es una entrevista, dec&#xED;a "no confundimos poes&#xED;a con la vida, pero cuando alcanzamos a vivir lo que el poema atrap&#xF3; de la vida para que se vuelva poema... Bueno, esa es una experiencia que me gusta mucho. A m&#xED; poes&#xED;a, en todo caso, nada la anima tanto como la ambici&#xF3;n imposible de tocar o capturar algo a lo que nunca va a llegar, y el enorme placer de jugar esa apuesta. Es una apuesta de antemano fracasada pero muy disfrutable en si misma, y llena de energ&#xED;a o la fuerza que recibe de ese mundo inalcanzable". </subfield>
  </datafield>
  <datafield tag="590" ind1=" " ind2=" ">
    <subfield code="a">Donaci&#xF3;n. Proyecto Literatura 4to libro</subfield>
  </datafield>
  <datafield tag="655" ind1=" " ind2=" ">
    <subfield code="a">Literatura</subfield>
    <subfield code="9">2917</subfield>
  </datafield>
  <datafield tag="942" ind1=" " ind2=" ">
    <subfield code="2">ddc</subfield>
    <subfield code="c">LIT</subfield>
  </datafield>
  <datafield tag="999" ind1=" " ind2=" ">
    <subfield code="c">2522</subfield>
    <subfield code="d">2522</subfield>
  </datafield>
  <datafield tag="952" ind1=" " ind2=" ">
    <subfield code="0">0</subfield>
    <subfield code="1">0</subfield>
    <subfield code="2">ddc</subfield>
    <subfield code="4">0</subfield>
    <subfield code="7">0</subfield>
    <subfield code="a">BFM</subfield>
    <subfield code="b">BFM</subfield>
    <subfield code="c">CR</subfield>
    <subfield code="d">2017-11-02</subfield>
    <subfield code="e">Donaci&#xF3;n Fondo Nacional de las Artes, Octubre 2017</subfield>
    <subfield code="l">0</subfield>
    <subfield code="o">808 26 FRE</subfield>
    <subfield code="p">4016</subfield>
    <subfield code="r">2017-11-02</subfield>
    <subfield code="t">Ej. 1</subfield>
    <subfield code="w">2017-11-02</subfield>
    <subfield code="y">LIT</subfield>
    <subfield code="z">Proyecto 4to Libro. Donaci&#xF3;n Fondo Nacional de las Artes, Octubre 2017</subfield>
  </datafield>
</record>
